Corporate governance and globalization / (Record no. 1259)

MARC details
000 -LEADER
fixed length control field 01222nam a2200289 a 4500
005 - DATE AND TIME OF LATEST TRANSACTION
control field 20260112063235.0
020 ## - INTERNATIONAL STANDARD BOOK NUMBER
International Standard Book Number 9781412928991 (hbk. : 3 vol. set)
020 ## - INTERNATIONAL STANDARD BOOK NUMBER
International Standard Book Number 1412928990
020 ## - INTERNATIONAL STANDARD BOOK NUMBER
International Standard Book Number 9781412928991
039 ## - LEVEL OF BIBLIOGRAPHIC CONTROL AND CODING DETAIL [OBSOLETE]
Level of rules in bibliographic description 200908050125
Level of effort used to assign nonsubject heading access points staff
-- 200908050124
-- staff
082 ## - DEWEY DECIMAL CLASSIFICATION NUMBER
Classification number 658.4
Item number CLA
245 ## - TITLE STATEMENT
Title Corporate governance and globalization /
Statement of responsibility, etc. edited by Thomas Clarke and Marie dela Rama.
260 ## - PUBLICATION, DISTRIBUTION, ETC.
Place of publication, distribution, etc. London ; Thousand Oaks :
Name of publisher, distributor, etc. SAGE,
Date of publication, distribution, etc. 2006.
300 ## - PHYSICAL DESCRIPTION
Extent 3 v. :
Other physical details ill. ;
Dimensions 24 cm.
440 ## - SERIES STATEMENT/ADDED ENTRY--TITLE
Title Contemporary issues in business and globalization
504 ## - BIBLIOGRAPHY, ETC. NOTE
Bibliography, etc. note Includes bibliographical references.
505 ## - FORMATTED CONTENTS NOTE
Formatted contents note v. 1. Ownership and control -- v. 2. Development and regulation -- v. 3. Convergence and diversity.
650 ## - SUBJECT ADDED ENTRY--TOPICAL TERM
Topical term or geographic name entry element Corporate governance.
650 ## - SUBJECT ADDED ENTRY--TOPICAL TERM
Topical term or geographic name entry element Globalization.
700 ## - ADDED ENTRY--PERSONAL NAME
Personal name Clarke, Thomas,
Dates associated with a name 1950-
700 ## - ADDED ENTRY--PERSONAL NAME
Personal name Rama, Marie dela.
856 ## - ELECTRONIC LOCATION AND ACCESS
-- ublisher description
Uniform Resource Identifier <a href=" http://www.loc.gov/catdir/enhancements/fy0708/2005938885-d.html"> http://www.loc.gov/catdir/enhancements/fy0708/2005938885-d.html</a>
856 ## - ELECTRONIC LOCATION AND ACCESS
-- able of contents only
Uniform Resource Identifier <a href=" http://www.loc.gov/catdir/enhancements/fy0708/2005938885-t.html"> http://www.loc.gov/catdir/enhancements/fy0708/2005938885-t.html</a>
991 ## -
-- VIRTUA40
991 ## -
-- VTLSSORT0080*0200*0201*0202*0820*2450*2600*3000*4400*5040*5050*6500*6501*7000*7001*8560*8561*9991
909 ## -
-- 1276
Holdings
Withdrawn status Lost status Damaged status Not for loan Home library Current library Date acquired Total checkouts Full call number Barcode Copy number Koha item type
        Indian Institute Of Management, Shillong Indian Institute Of Management, Shillong 05/08/2009   658.4 CLA 0005653   Reference
        Indian Institute Of Management, Shillong Indian Institute Of Management, Shillong 05/08/2009   658.4 CLA 0005654   Reference
        Indian Institute Of Management, Shillong Indian Institute Of Management, Shillong 05/08/2009   658.4 CLA 0005656 1 Book
        Indian Institute Of Management, Shillong Indian Institute Of Management, Shillong 05/08/2009   658.4 CLA 0005657 1 Book
        Indian Institute Of Management, Shillong Indian Institute Of Management, Shillong 20/01/2014   658.4 CLA 0005655   Reference
        Indian Institute Of Management, Shillong Indian Institute Of Management, Shillong 05/08/2009   658.4 CLA 0005658 1 Book
Copyright © 2026 Indian Institute of Management Shillong. All Rights Reserved.